[Event "Week's Tournament Elo 1799- (WT1)"]
[Site "Biel, CH"]
[Date "2025.07.25"]
[Round "5"]
[White "Weber, Jason"]
[Black "Dzakula, Igor"]
[Result "1-0"]
[Board "3"]
[WhiteFideId "1363042"]
[BlackFideId "1357344"]
[WhiteElo "1769"]
[BlackElo "1728"]
[WhiteTeam "SUI"]
[BlackTeam "SUI"]
[WhiteClock "0:12:45"]
[BlackClock "0:08:21"]
[Variant "Standard"]

1. e4 {[%clk 1:00:56]}  d6 {[%clk 1:00:55]} 2. d4 {[%clk 1:01:21]}  Nf6 {[%clk 1:01:20]} 3. Nc3 {[%clk 1:01:40]}  g6 {[%clk 1:01:44]} 4. g3 {[%clk 1:02:00]}  Bg7 {[%clk 1:01:58]} 5. Bg2 {[%clk 1:01:37]}  O-O {[%clk 1:02:06]} 6. Nge2 {[%clk 1:00:25]}  Nc6 {[%clk 1:00:41]} 7. h3 {[%clk 0:59:46]}  a6 {[%clk 0:58:52]} 8. O-O {[%clk 0:55:40]}  e5 {[%clk 0:58:30]} 9. Be3 {[%clk 0:50:18]}  b5 {[%clk 0:54:00]} 10. a3 {[%clk 0:45:36]}  Bd7 {[%clk 0:51:22]} 11. Qd2 {[%clk 0:40:05]}  Rb8 {[%clk 0:47:01]} 12. f4 {[%clk 0:33:57]}  Qc8 {[%clk 0:41:14]} 13. g4 {[%clk 0:23:09]}  Qd8 {[%clk 0:38:13]} 14. dxe5 {[%clk 0:22:20]}  dxe5 {[%clk 0:38:05]} 15. f5 {[%clk 0:19:16]}  Bc8 {[%clk 0:31:21]} 16. Qe1 {[%clk 0:11:39]}  Nd4 {[%clk 0:28:25]} 17. Rd1 {[%clk 0:07:09]}  Nxe2+ {[%clk 0:17:51]} 18. Nxe2 {[%clk 0:01:56]}  Qe7 {[%clk 0:16:30]} 19. g5 {[%clk 0:00:08]}  Bb7 {[%clk 0:11:47]} 20. gxf6 {[%clk 0:18:41]}  Bxf6 {[%clk 0:09:29]} 21. Bh6 {[%clk 0:16:31]}  Rfd8 {[%clk 0:08:28]} 22. fxg6 {[%clk 0:15:23]}  fxg6 {[%clk 0:07:53]} 23. Qf2 {[%clk 0:15:17]}  Rxd1 {[%clk 0:07:02]} 24. Rxd1 {[%clk 0:16:31]}  Bh4 {[%clk 0:02:33]} 25. Qa7 {[%clk 0:16:17]}  Qe8 {[%clk 0:08:21]} 26. Rf1 {[%clk 0:12:45]} 1-0

[Event "Week's Tournament Elo 1799- (WT1)"]
[Site "Biel, CH"]
[Date "2025.07.25"]
[Round "5"]
[White "Thornley, Oliver"]
[Black "Bachmann, Daniel"]
[Result "1-0"]
[Board "4"]
[WhiteFideId "445916"]
[BlackFideId "1357492"]
[WhiteElo "1714"]
[BlackElo "1766"]
[WhiteTeam "ENG"]
[BlackTeam "SUI"]
[WhiteClock "0:36:04"]
[BlackClock "0:02:10"]
[Variant "Standard"]

1. f4 {[%clk 1:00:57]}  Nf6 {[%clk 0:59:10]} 2. Nf3 {[%clk 1:01:21]}  c5 {[%clk 0:59:22]} 3. e3 {[%clk 1:01:34]}  Nc6 {[%clk 0:59:36]} 4. Bb5 {[%clk 1:01:33]}  d6 {[%clk 0:58:56]} 5. Bxc6+ {[%clk 1:01:15]}  bxc6 {[%clk 0:59:19]} 6. b3 {[%clk 0:59:34]}  g6 {[%clk 0:56:43]} 7. O-O {[%clk 0:58:44]}  Bg7 {[%clk 0:56:39]} 8. Bb2 {[%clk 0:59:02]}  O-O {[%clk 0:56:35]} 9. d3 {[%clk 0:56:11]}  Nd5 {[%clk 0:51:07]} 10. Bxg7 {[%clk 0:58:18]}  Nxe3 {[%clk 0:51:24]} 11. Qe2 {[%clk 0:56:04]}  Nxc2 {[%clk 0:47:10]} 12. Bxf8 {[%clk 0:56:01]}  Nxa1 {[%clk 0:47:36]} 13. Bh6 {[%clk 0:50:48]}  f6 {[%clk 0:41:03]} 14. Nc3 {[%clk 0:49:41]}  Nxb3 {[%clk 0:37:47]} 15. axb3 {[%clk 0:48:17]}  e5 {[%clk 0:27:01]} 16. fxe5 {[%clk 0:49:37]}  dxe5 {[%clk 0:26:20]} 17. Ne4 {[%clk 0:42:27]}  g5 {[%clk 0:25:39]} 18. Nfxg5 {[%clk 0:37:44]}  f5 {[%clk 0:19:58]} 19. Qf2 {[%clk 0:31:11]}  f4 {[%clk 0:16:00]} 20. Qxc5 {[%clk 0:22:52]}  Ba6 {[%clk 0:05:33]} 21. Qxe5 {[%clk 0:20:03]}  Qb6+ {[%clk 0:01:55]} 22. Kh1 {[%clk 0:18:50]}  Qb7 {[%clk 0:01:49]} 23. Nf6+ {[%clk 0:35:40]}  Kh8 {[%clk 0:02:10]} 24. Nd7+ {[%clk 0:36:04]} 1-0

[Event "Week's Tournament Elo 1799- (WT1)"]
[Site "Biel, CH"]
[Date "2025.07.25"]
[Round "5"]
[White "Trzcinska, Weronika"]
[Black "Dubel, Nathan"]
[Result "0-1"]
[Board "5"]
[WhiteFideId "41862155"]
[BlackFideId "1359410"]
[WhiteElo "1712"]
[BlackElo "1762"]
[WhiteTeam "POL"]
[BlackTeam "SUI"]
[WhiteClock "0:10:15"]
[BlackClock "0:09:16"]
[Variant "Standard"]

1. e4 {[%clk 1:00:56]}  c5 {[%clk 1:00:44]} 2. Nf3 {[%clk 1:01:08]}  Nc6 {[%clk 1:01:06]} 3. Nc3 {[%clk 1:01:22]}  e6 {[%clk 0:59:43]} 4. d3 {[%clk 1:00:18]}  Nf6 {[%clk 1:00:05]} 5. Be2 {[%clk 0:58:49]}  d5 {[%clk 1:00:05]} 6. exd5 {[%clk 1:00:00]}  exd5 {[%clk 0:57:16]} 7. O-O {[%clk 0:58:06]}  h6 {[%clk 0:53:53]} 8. Bf4 {[%clk 0:56:02]}  Nh5 {[%clk 0:52:57]} 9. Bd2 {[%clk 0:52:14]}  Be6 {[%clk 0:49:14]} 10. h3 {[%clk 0:50:40]}  a6 {[%clk 0:51:33]} 11. Nh2 {[%clk 0:51:30]}  Nf6 {[%clk 0:51:20]} 12. Bg4 {[%clk 0:50:14]}  Nxg4 {[%clk 0:51:39]} 13. Nxg4 {[%clk 0:50:30]}  Bd6 {[%clk 0:46:34]} 14. Nh2 {[%clk 0:47:37]}  Qc7 {[%clk 0:48:22]} 15. Nf3 {[%clk 0:44:07]}  O-O-O {[%clk 0:45:18]} 16. Qc1 {[%clk 0:43:15]}  g5 {[%clk 0:40:36]} 17. Re1 {[%clk 0:42:55]}  g4 {[%clk 0:33:19]} 18. hxg4 {[%clk 0:32:46]}  Bxg4 {[%clk 0:28:47]} 19. Nh4 {[%clk 0:32:28]}  Rdg8 {[%clk 0:24:47]} 20. Nxd5 {[%clk 0:32:16]}  Qd8 {[%clk 0:23:14]} 21. Bc3 {[%clk 0:22:38]}  Qxh4 {[%clk 0:18:55]} 22. Re3 {[%clk 0:19:12]}  Qh2+ {[%clk 0:09:26]} 23. Kf1 {[%clk 0:10:15]}  Qh1# {[%clk 0:09:16]} 0-1

[Event "Week's Tournament Elo 1799- (WT1)"]
[Site "Biel, CH"]
[Date "2025.07.25"]
[Round "5"]
[White "Ganeshram, Niranjana"]
[Black "Delaquis, Gianluca"]
[Result "1/2-1/2"]
[Board "6"]
[WhiteFideId "40100480"]
[BlackFideId "1363620"]
[WhiteElo "1692"]
[BlackElo "1746"]
[WhiteTeam "NED"]
[BlackTeam "SUI"]
[WhiteClock "0:18:18"]
[BlackClock "0:02:21"]
[Variant "Standard"]

1. e4 {[%clk 1:00:57]}  c6 {[%clk 1:00:53]} 2. d4 {[%clk 1:01:09]}  d5 {[%clk 1:01:17]} 3. exd5 {[%clk 1:01:34]}  cxd5 {[%clk 1:01:32]} 4. c4 {[%clk 1:00:37]}  Nf6 {[%clk 1:00:10]} 5. Nc3 {[%clk 1:02:26]}  e6 {[%clk 0:59:54]} 6. Bg5 {[%clk 1:01:31]}  Be7 {[%clk 0:58:49]} 7. Nf3 {[%clk 1:00:38]}  Nc6 {[%clk 0:58:07]} 8. Be2 {[%clk 0:59:26]}  dxc4 {[%clk 0:56:07]} 9. Bxc4 {[%clk 1:03:12]}  Nd5 {[%clk 0:54:59]} 10. Bxe7 {[%clk 1:02:07]}  Qxe7 {[%clk 0:53:50]} 11. O-O {[%clk 0:55:02]}  Nxc3 {[%clk 0:46:42]} 12. bxc3 {[%clk 0:54:08]}  O-O {[%clk 0:45:27]} 13. Bb3 {[%clk 1:01:14]}  b6 {[%clk 0:42:54]} 14. Re1 {[%clk 1:01:19]}  Qf6 {[%clk 0:42:04]} 15. Ne5 {[%clk 1:00:26]}  Nxe5 {[%clk 0:40:50]} 16. Rxe5 {[%clk 0:58:54]}  Bb7 {[%clk 0:37:37]} 17. Bc2 {[%clk 0:59:35]}  Rfd8 {[%clk 0:33:25]} 18. Qg4 {[%clk 0:56:14]}  g6 {[%clk 0:32:12]} 19. h4 {[%clk 0:55:43]}  Rd5 {[%clk 0:26:50]} 20. Rae1 {[%clk 0:52:37]}  h5 {[%clk 0:23:39]} 21. Qg3 {[%clk 0:50:55]}  Rad8 {[%clk 0:22:40]} 22. Bb3 {[%clk 0:51:36]}  Rxe5 {[%clk 0:23:19]} 23. Rxe5 {[%clk 0:51:38]}  Kf8 {[%clk 0:22:38]} 24. Re3 {[%clk 0:45:42]}  Qe7 {[%clk 0:17:01]} 25. Qf4 {[%clk 0:42:21]}  Kg7 {[%clk 0:16:01]} 26. Qe5+ {[%clk 0:40:41]}  Kh6 {[%clk 0:12:50]} 27. Qf4+ {[%clk 0:39:36]}  Kg7 {[%clk 0:12:10]} 28. c4 {[%clk 0:35:59]}  Qd6 {[%clk 0:17:32]} 29. Qxd6 {[%clk 0:33:39]}  Rxd6 {[%clk 0:17:57]} 30. d5 {[%clk 0:32:51]}  exd5 {[%clk 0:10:48]} 31. Re7 {[%clk 0:31:23]}  dxc4 {[%clk 0:12:41]} 32. Bxc4 {[%clk 0:31:18]}  Bd5 {[%clk 0:12:05]} 33. Bxd5 {[%clk 0:31:35]}  Rxd5 {[%clk 0:12:27]} 34. Rxa7 {[%clk 0:32:03]}  Ra5 {[%clk 0:10:38]} 35. Rxa5 {[%clk 0:31:14]}  bxa5 {[%clk 0:12:50]} 36. Kf1 {[%clk 0:31:35]}  Kf6 {[%clk 0:12:26]} 37. Ke2 {[%clk 0:31:02]}  Ke5 {[%clk 0:12:18]} 38. Ke3 {[%clk 0:31:00]}  Kd5 {[%clk 0:13:12]} 39. Kd3 {[%clk 0:30:04]}  f6 {[%clk 0:11:10]} 40. f4 {[%clk 0:28:41]}  f5 {[%clk 0:12:06]} 41. g3 {[%clk 0:26:30]}  Kc5 {[%clk 0:11:22]} 42. Kc3 {[%clk 0:26:12]}  Kb5 {[%clk 0:10:21]} 43. a3 {[%clk 0:17:58]}  Ka4 {[%clk 0:09:53]} 44. Kb2 {[%clk 0:18:21]}  Kb5 {[%clk 0:10:05]} 45. Kb3 {[%clk 0:15:24]}  a4+ {[%clk 0:06:20]} 46. Kc3 {[%clk 0:13:22]}  Kc5 {[%clk 0:06:09]} 47. Kd3 {[%clk 0:17:06]}  Kd5 {[%clk 0:07:05]} 48. Kc3 {[%clk 0:16:54]}  Kc5 {[%clk 0:07:26]} 49. Kd3 {[%clk 0:16:35]}  Kd5 {[%clk 0:07:39]} 50. Kc3 {[%clk 0:11:58]}  Kc5 {[%clk 0:02:34]} 51. Kd3 {[%clk 0:17:40]}  Kd5 {[%clk 0:03:01]} 52. Kc3 {[%clk 0:18:01]}  Kc5 {[%clk 0:03:09]} 53. Kd3 {[%clk 0:18:18]}  Kd5 {[%clk 0:02:21]} 1/2-1/2

[Event "Week's Tournament Elo 1799- (WT1)"]
[Site "Biel, CH"]
[Date "2025.07.25"]
[Round "5"]
[White "Lupei, Denis"]
[Black "Archit Saigal"]
[Result "1-0"]
[Board "7"]
[WhiteFideId "34611231"]
[BlackFideId "46631291"]
[WhiteElo "1784"]
[BlackElo "1494"]
[WhiteTeam "GER"]
[BlackTeam "IND"]
[WhiteClock "0:42:24"]
[BlackClock "0:26:18"]
[Variant "Standard"]

1. e4 {[%clk 1:00:30]}  c6 {[%clk 0:52:27]} 2. d4 {[%clk 1:00:21]}  d5 {[%clk 0:52:53]} 3. exd5 {[%clk 1:00:15]}  cxd5 {[%clk 0:53:29]} 4. Bd3 {[%clk 1:02:07]}  Nc6 {[%clk 0:52:56]} 5. c3 {[%clk 1:02:06]}  Qc7 {[%clk 0:52:51]} 6. h3 {[%clk 0:57:54]}  e6 {[%clk 0:50:07]} 7. Nf3 {[%clk 0:55:03]}  Nf6 {[%clk 0:48:59]} 8. O-O {[%clk 0:54:44]}  Be7 {[%clk 0:47:10]} 9. Re1 {[%clk 0:53:42]}  O-O {[%clk 0:44:47]} 10. Bg5 {[%clk 0:51:14]}  h6 {[%clk 0:44:40]} 11. Bh4 {[%clk 0:45:56]}  Nd7 {[%clk 0:32:14]} 12. Bxe7 {[%clk 0:45:18]}  Nxe7 {[%clk 0:31:47]} 13. Nbd2 {[%clk 0:43:50]}  Re8 {[%clk 0:26:18]} 14. Nf1 {[%clk 0:42:24]} 1-0

[Event "Week's Tournament Elo 1799- (WT1)"]
[Site "Biel, CH"]
[Date "2025.07.25"]
[Round "5"]
[White "Buntschu, Kurt"]
[Black "Ben Avi, Adam"]
[Result "1-0"]
[Board "8"]
[WhiteFideId "1325884"]
[BlackFideId "2853833"]
[WhiteElo "1762"]
[BlackElo "1643"]
[WhiteTeam "SUI"]
[BlackTeam "ISR"]
[WhiteClock "0:07:03"]
[BlackClock "0:26:34"]
[Variant "Standard"]

1. d4 {[%clk 1:00:30]}  e6 {[%clk 1:00:41]} 2. Nf3 {[%clk 0:57:55]}  Nf6 {[%clk 0:58:37]} 3. Bf4 {[%clk 0:54:04]}  Bd6 {[%clk 0:54:16]} 4. Bxd6 {[%clk 0:54:00]}  cxd6 {[%clk 0:52:11]} 5. Nbd2 {[%clk 0:52:11]}  d5 {[%clk 0:55:05]} 6. e3 {[%clk 0:50:35]}  b6 {[%clk 0:54:08]} 7. Bd3 {[%clk 0:49:19]}  Ba6 {[%clk 0:52:19]} 8. Qe2 {[%clk 0:49:15]}  Bxd3 {[%clk 0:51:08]} 9. cxd3 {[%clk 0:45:21]}  Nc6 {[%clk 0:50:48]} 10. O-O {[%clk 0:52:57]}  O-O {[%clk 0:48:30]} 11. e4 {[%clk 0:50:51]}  dxe4 {[%clk 0:48:23]} 12. dxe4 {[%clk 0:47:42]}  d6 {[%clk 0:43:05]} 13. Rac1 {[%clk 0:47:14]}  Rc8 {[%clk 0:40:25]} 14. Qb5 {[%clk 0:45:41]}  Qd7 {[%clk 0:31:49]} 15. Rfd1 {[%clk 0:43:59]}  Ne7 {[%clk 0:27:51]} 16. Qe2 {[%clk 0:42:17]}  Ng6 {[%clk 0:24:32]} 17. g3 {[%clk 0:38:40]}  Rxc1 {[%clk 0:37:58]} 18. Rxc1 {[%clk 0:38:15]}  e5 {[%clk 0:33:09]} 19. d5 {[%clk 0:37:27]}  Rc8 {[%clk 0:30:30]} 20. Rxc8+ {[%clk 0:37:25]}  Qxc8 {[%clk 0:23:26]} 21. Nc4 {[%clk 0:35:42]}  Qa6 {[%clk 0:23:19]} 22. Qc2 {[%clk 0:34:02]}  b5 {[%clk 0:17:18]} 23. Ne3 {[%clk 0:32:25]}  Ne7 {[%clk 0:16:03]} 24. Qc7 {[%clk 0:31:00]}  Kf8 {[%clk 0:14:50]} 25. Qd8+ {[%clk 0:12:14]}  Ne8 {[%clk 0:11:58]} 26. Ng5 {[%clk 0:12:04]}  f6 {[%clk 0:10:39]} 27. Ne6+ {[%clk 0:11:46]}  Kf7 {[%clk 0:08:57]} 28. Qd7 {[%clk 0:10:45]}  Qc8 {[%clk 0:07:31]} 29. Qxa7 {[%clk 0:07:32]}  Qc1+ {[%clk 0:07:27]} 30. Kg2 {[%clk 0:07:14]}  Qb1 {[%clk 0:04:44]} 31. Kf3 {[%clk 0:06:04]}  Qh1+ {[%clk 0:29:57]} 32. Ke2 {[%clk 0:05:16]}  Qxe4 {[%clk 0:29:08]} 33. Qd7 {[%clk 0:02:47]}  Qg6 {[%clk 0:25:21]} 34. Qxb5 {[%clk 0:01:25]}  f5 {[%clk 0:24:02]} 35. Qd7 {[%clk 0:02:23]}  e4 {[%clk 0:23:23]} 36. Nf4 {[%clk 0:01:55]}  Qf6 {[%clk 0:23:00]} 37. Qe6+ {[%clk 0:01:46]}  Qxe6 {[%clk 0:22:57]} 38. Nxe6 {[%clk 0:00:38]}  Nxd5 {[%clk 0:21:27]} 39. Nd8+ {[%clk 0:00:28]}  Ke7 {[%clk 0:21:16]} 40. Nxd5+ {[%clk 0:02:05]}  Kxd8 {[%clk 0:21:43]} 41. f3 {[%clk 0:02:23]}  Kd7 {[%clk 0:20:14]} 42. fxe4 {[%clk 0:02:42]}  fxe4 {[%clk 0:20:33]} 43. Ke3 {[%clk 0:02:01]}  Ke6 {[%clk 0:19:57]} 44. Kxe4 {[%clk 0:03:20]}  Nf6+ {[%clk 0:20:09]} 45. Nxf6 {[%clk 0:03:02]}  gxf6 {[%clk 0:20:26]} 46. a4 {[%clk 0:04:06]}  h5 {[%clk 0:19:55]} 47. a5 {[%clk 0:03:59]}  d5+ {[%clk 0:20:12]} 48. Kd4 {[%clk 0:04:51]}  Kd6 {[%clk 0:20:24]} 49. b4 {[%clk 0:04:26]}  Kc6 {[%clk 0:20:13]} 50. a6 {[%clk 0:03:44]}  f5 {[%clk 0:20:06]} 51. b5+ {[%clk 0:05:31]}  Kb6 {[%clk 0:20:54]} 52. Kxd5 {[%clk 0:05:53]}  Kc7 {[%clk 0:20:14]} 53. a7 {[%clk 0:06:07]}  Kb7 {[%clk 0:21:26]} 54. b6 {[%clk 0:05:51]}  Ka8 {[%clk 0:21:21]} 55. Ke5 {[%clk 0:06:56]}  Kb7 {[%clk 0:21:58]} 56. Kxf5 {[%clk 0:06:42]}  Ka8 {[%clk 0:21:51]} 57. Kg5 {[%clk 0:06:34]}  h4 {[%clk 0:21:34]} 58. gxh4 {[%clk 0:06:25]}  Kb7 {[%clk 0:23:06]} 59. h5 {[%clk 0:06:16]}  Ka8 {[%clk 0:23:31]} 60. h6 {[%clk 0:08:42]}  Kb7 {[%clk 0:24:00]} 61. h7 {[%clk 0:08:58]}  Ka8 {[%clk 0:24:28]} 62. h8=Q+ {[%clk 0:09:09]}  Kb7 {[%clk 0:24:54]} 63. Qb8+ {[%clk 0:08:18]}  Ka6 {[%clk 0:24:44]} 64. a8=Q+ {[%clk 0:09:11]}  Kb5 {[%clk 0:25:47]} 65. Qe5+ {[%clk 0:09:10]}  Kxb6 {[%clk 0:25:38]} 66. Qd6+ {[%clk 0:09:05]}  Kb5 {[%clk 0:26:34]} 67. Qaa6# {[%clk 0:07:03]} 1-0

[Event "Week's Tournament Elo 1799- (WT1)"]
[Site "Biel, CH"]
[Date "2025.07.25"]
[Round "5"]
[White "Ragheb, Kaemel"]
[Black "Ben-Avi, Dotan"]
[Result "0-1"]
[Board "9"]
[WhiteFideId "1346598"]
[BlackFideId "2847965"]
[WhiteElo "1723"]
[BlackElo "1615"]
[WhiteTeam "SUI"]
[BlackTeam "ISR"]
[WhiteClock "0:03:45"]
[BlackClock "0:01:55"]
[Variant "Standard"]

1. c4 {[%clk 1:00:56]}  d5 {[%clk 0:59:25]} 2. cxd5 {[%clk 1:00:39]}  Nf6 {[%clk 0:55:21]} 3. Nc3 {[%clk 0:56:14]}  Nxd5 {[%clk 0:58:14]} 4. e4 {[%clk 0:55:33]}  Nxc3 {[%clk 0:55:27]} 5. bxc3 {[%clk 0:55:46]}  c5 {[%clk 0:54:30]} 6. Nf3 {[%clk 0:50:33]}  Nc6 {[%clk 0:54:09]} 7. d4 {[%clk 0:47:40]}  cxd4 {[%clk 0:52:59]} 8. cxd4 {[%clk 0:47:45]}  Bg4 {[%clk 0:51:25]} 9. d5 {[%clk 0:47:40]}  Bxf3 {[%clk 0:47:39]} 10. Qxf3 {[%clk 0:47:38]}  Nd4 {[%clk 0:39:26]} 11. Qd1 {[%clk 0:42:29]}  e5 {[%clk 0:38:17]} 12. dxe6 {[%clk 0:40:58]}  Bb4+ {[%clk 0:37:07]} 13. Bd2 {[%clk 0:41:14]}  Bxd2+ {[%clk 0:35:29]} 14. Qxd2 {[%clk 0:41:32]}  fxe6 {[%clk 0:33:29]} 15. Rd1 {[%clk 0:39:34]}  e5 {[%clk 0:32:24]} 16. f4 {[%clk 0:35:54]}  Qh4+ {[%clk 0:30:11]} 17. g3 {[%clk 0:23:31]}  Nf3+ {[%clk 0:29:27]} 18. Kf2 {[%clk 0:22:20]}  Nxd2 {[%clk 0:29:10]} 19. Bb5+ {[%clk 0:22:28]}  Ke7 {[%clk 0:28:58]} 20. gxh4 {[%clk 0:22:43]}  Nxe4+ {[%clk 0:28:39]} 21. Kf3 {[%clk 0:20:34]}  Nc3 {[%clk 0:26:11]} 22. Rd7+ {[%clk 0:20:43]}  Ke6 {[%clk 0:24:52]} 23. Rxb7 {[%clk 0:20:21]}  Nxb5 {[%clk 0:22:14]} 24. Rxb5 {[%clk 0:20:37]}  exf4 {[%clk 0:21:51]} 25. Re1+ {[%clk 0:13:59]}  Kd6 {[%clk 0:21:08]} 26. Kxf4 {[%clk 0:19:41]}  Rhf8+ {[%clk 0:14:28]} 27. Kg3 {[%clk 0:19:51]}  Rae8 {[%clk 0:08:21]} 28. Rxe8 {[%clk 0:15:48]}  Rxe8 {[%clk 0:12:47]} 29. Rh5 {[%clk 0:15:55]}  h6 {[%clk 0:12:25]} 30. Ra5 {[%clk 0:16:09]}  Re7 {[%clk 0:12:29]} 31. h5 {[%clk 0:15:26]}  Kc6 {[%clk 0:11:29]} 32. Kf3 {[%clk 0:13:35]}  Kb6 {[%clk 0:11:23]} 33. Rd5 {[%clk 0:12:23]}  a5 {[%clk 0:09:49]} 34. a4 {[%clk 0:12:17]}  Rc7 {[%clk 0:07:50]} 35. Rb5+ {[%clk 0:05:35]}  Ka6 {[%clk 0:07:51]} 36. Re5 {[%clk 0:04:52]}  Rc3+ {[%clk 0:06:44]} 37. Re3 {[%clk 0:04:18]}  Rc7 {[%clk 0:04:36]} 38. Re5 {[%clk 0:03:50]}  Kb6 {[%clk 0:04:05]} 39. Rb5+ {[%clk 0:04:04]}  Ka6 {[%clk 0:04:24]} 40. Re5 {[%clk 0:04:17]}  Rb7 {[%clk 0:01:55]} 41. Re6+ {[%clk 0:03:45]} 0-1

[Event "Week's Tournament Elo 1799- (WT1)"]
[Site "Biel, CH"]
[Date "2025.07.25"]
[Round "5"]
[White "Martin, Benoit"]
[Black "Boesch, Roman"]
[Result "0-1"]
[Board "11"]
[WhiteFideId "1361210"]
[BlackFideId "1363786"]
[WhiteElo "1585"]
[BlackElo "1780"]
[WhiteTeam "SUI"]
[BlackTeam "SUI"]
[WhiteClock "0:51:01"]
[BlackClock "0:18:00"]
[Variant "Standard"]

1. d4 {[%clk 1:00:58]}  Nf6 {[%clk 1:00:51]} 2. Bf4 {[%clk 1:01:23]}  c5 {[%clk 1:01:14]} 3. c3 {[%clk 1:01:41]}  cxd4 {[%clk 1:01:28]} 4. cxd4 {[%clk 1:02:06]}  Qb6 {[%clk 1:01:47]} 5. b3 {[%clk 1:00:59]}  Nc6 {[%clk 1:01:25]} 6. Nf3 {[%clk 0:59:56]}  e5 {[%clk 1:00:06]} 7. dxe5 {[%clk 1:00:36]}  Bb4+ {[%clk 1:00:24]} 8. Nbd2 {[%clk 0:58:09]}  Ne4 {[%clk 1:00:32]} 9. Be3 {[%clk 0:57:44]}  Qa5 {[%clk 0:58:40]} 10. a3 {[%clk 0:56:33]}  Bc3 {[%clk 0:57:29]} 11. b4 {[%clk 0:56:49]}  Nxb4 {[%clk 0:54:14]} 12. axb4 {[%clk 0:54:06]}  Nxd2 {[%clk 0:47:30]} 13. Nxd2 {[%clk 0:56:43]}  Qxa1 {[%clk 0:47:37]} 14. Qxa1 {[%clk 0:57:05]}  Bxa1 {[%clk 0:47:58]} 15. Nf3 {[%clk 0:57:17]}  O-O {[%clk 0:47:32]} 16. Bc5 {[%clk 0:57:37]}  Re8 {[%clk 0:46:31]} 17. Bd6 {[%clk 0:57:41]}  b6 {[%clk 0:46:24]} 18. e3 {[%clk 0:55:35]}  Bc3+ {[%clk 0:45:10]} 19. Kd1 {[%clk 0:57:57]}  a5 {[%clk 0:44:14]} 20. bxa5 {[%clk 0:57:03]}  bxa5 {[%clk 0:44:03]} 21. Kc2 {[%clk 0:57:25]}  Bb4 {[%clk 0:43:37]} 22. Bb5 {[%clk 0:56:58]}  Bxd6 {[%clk 0:43:04]} 23. exd6 {[%clk 0:57:17]}  Rb8 {[%clk 0:42:48]} 24. Bc4 {[%clk 0:56:30]}  Bb7 {[%clk 0:41:55]} 25. Nd4 {[%clk 0:55:45]}  Bxg2 {[%clk 0:41:20]} 26. Ra1 {[%clk 0:56:16]}  Rec8 {[%clk 0:39:16]} 27. Kd3 {[%clk 0:56:02]}  Rb4 {[%clk 0:36:00]} 28. Bb5 {[%clk 0:55:52]}  Bh3 {[%clk 0:34:49]} 29. Rxa5 {[%clk 0:55:11]}  Bf1+ {[%clk 0:30:44]} 30. Ke4 {[%clk 0:52:47]}  Bxb5 {[%clk 0:30:28]} 31. Rxb5 {[%clk 0:53:01]}  Rxb5 {[%clk 0:30:31]} 32. Nxb5 {[%clk 0:53:26]}  f6 {[%clk 0:30:08]} 33. Nc7 {[%clk 0:53:20]}  Kf7 {[%clk 0:30:02]} 34. f4 {[%clk 0:53:28]}  g6 {[%clk 0:29:36]} 35. h4 {[%clk 0:53:28]}  h6 {[%clk 0:28:32]} 36. Kd5 {[%clk 0:52:44]}  g5 {[%clk 0:28:18]} 37. fxg5 {[%clk 0:52:53]}  fxg5 {[%clk 0:28:34]} 38. hxg5 {[%clk 0:53:18]}  hxg5 {[%clk 0:28:13]} 39. Ke5 {[%clk 0:53:20]}  Rg8 {[%clk 0:27:59]} 40. Nd5 {[%clk 0:52:44]}  g4 {[%clk 0:26:23]} 41. Nf4 {[%clk 0:52:55]}  g3 {[%clk 0:26:13]} 42. Ng2 {[%clk 0:53:17]}  Rg6 {[%clk 0:25:38]} 43. Kf4 {[%clk 0:52:26]}  Ke6 {[%clk 0:25:35]} 44. e4 {[%clk 0:52:42]}  Kxd6 {[%clk 0:25:19]} 45. Kf3 {[%clk 0:53:05]}  Ke5 {[%clk 0:24:45]} 46. Ke3 {[%clk 0:52:16]}  Rf6 {[%clk 0:22:25]} 47. Ne1 {[%clk 0:51:18]}  d6 {[%clk 0:20:59]} 48. Nd3+ {[%clk 0:51:21]}  Ke6 {[%clk 0:20:54]} 49. Ne1 {[%clk 0:51:39]}  Rf1 {[%clk 0:20:35]} 50. Ng2 {[%clk 0:51:34]}  Ke5 {[%clk 0:19:54]} 51. Nh4 {[%clk 0:50:46]}  Rf2 {[%clk 0:18:55]} 52. Nf3+ {[%clk 0:50:36]}  Rxf3+ {[%clk 0:17:39]} 53. Kxf3 {[%clk 0:51:01]}  g2 {[%clk 0:18:00]} 0-1